Wird geladen...

Becoming china : the story behind the state /

Bibliographische Detailangaben
1. Verfasser: Gescher, Jeane Marie
Format: Printed Book
Sprache:English
Veröffentlicht: Great Britain : Bloomsbury, 2017.
Ausgabe:1st ed.
Schlagworte:
LEADER 00592nam a22001697a 4500
008 180531b xxu||||| |||| 00| 0 eng d
999 |c 23371  |d 23371 
020 |a 9781408896198 
082 |a 306.0951  |b GES 
100 |a Gescher, Jeane Marie 
245 |a Becoming china :  |b the story behind the state / 
250 |a 1st ed. 
260 |a Great Britain :  |b Bloomsbury,  |c 2017. 
300 |a 738p. 
650 |a Culture 
942 |2 ddc  |c BK 
952 |0 0  |1 0  |2 ddc  |4 0  |6 306_095100000000000_GES  |7 0  |9 32094  |a MAIN  |b MAIN  |d 2018-05-31  |e Current Books  |g 799.00  |l 2  |o 306.0951 GES  |p 32308  |r 2019-06-11  |s 2019-04-30  |t 1  |w 2018-05-31  |y BK